[Event "4NCL Division 2a"]
[Site "Birmingham ENG"]
[Date "2015.02.14"]
[Round "5.225"]
[White "Ball, Laurence"]
[Black "Brau, Julio"]
[Result "1-0"]
[WhiteElo "2097"]
[BlackElo "2100"]
[PlyCount "83"]
[EventDate "2015.02.14"]

1. d4 Nf6 2. Nc3 d5 3. Bg5 Ne4 4. Nxe4 dxe4 5. Qd2 h6 6. Bh4 g5 7. Bg3 Bg7 8.
e3 c5 9. Bb5+ Bd7 10. Bxd7+ Qxd7 11. Bxb8 Rxb8 12. Ne2 O-O 13. O-O-O Rfd8 14.
Kb1 b5 15. Qe1 Qe6 16. dxc5 Qe5 17. Qc3 Qxc3 18. Nxc3 Bxc3 19. bxc3 f5 20. Rd4
e5 21. Rd6 Rxd6 22. cxd6 Kf7 23. Rd1 Ke6 24. Kb2 f4 25. Kb3 Rd8 26. Kb4 a6 27.
d7 Rxd7 28. Rxd7 Kxd7 29. Kc5 Ke6 30. g4 h5 31. h3 h4 32. Kc6 f3 33. Kc5 Ke7
34. Kd5 Kf6 35. c4 bxc4 36. Kxc4 Ke6 37. Kc5 a5 38. a4 Kd7 39. Kd5 Kc7 40. Kxe5
Kc6 41. Kd4 Kd6 42. c4 1-0

[Event "4NCL Division 2a"]
[Site "Birmingham ENG"]
[Date "2015.02.14"]
[Round "5.226"]
[White "Somerfield, Adrian P"]
[Black "Lunn, Matthew"]
[Result "1/2-1/2"]
[WhiteElo "2102"]
[BlackElo "2038"]
[PlyCount "85"]
[EventDate "2015.02.14"]

1. e4 c5 2. Nc3 Nc6 3. Bb5 Nd4 4. Bc4 Nf6 5. d3 e6 6. Nge2 a6 7. O-O b5 8. Bb3
Nxb3 9. axb3 b4 10. Na4 Bb7 11. Bg5 Qc7 12. Ng3 Be7 13. Nh5 Nxh5 14. Bxe7 Kxe7
15. Qxh5 Rac8 16. f4 Qc6 17. f5 g6 18. Qh4+ Kd6 19. fxg6 fxg6 20. Qf4+ Ke7 21.
Qg5+ Kd6 22. Rf7 Rce8 23. Qf4+ e5 24. Qf6+ Kc7 25. Rf1 c4 26. Qxc6+ Bxc6 27.
Nc5 cxd3 28. cxd3 a5 29. R1f6 Kd8 30. Kf2 Re7 31. Ke3 Rxf7 32. Rxf7 Ke8 33. Rf2
Ke7 34. d4 d6 35. Nd3 exd4+ 36. Kxd4 Rc8 37. Rc2 Bb7 38. Rxc8 Bxc8 39. Nf4 Bb7
40. h4 Bc8 41. Nd5+ Ke6 42. Ne3 Ba6 43. Nd5 1/2-1/2

[Event "4NCL Division 2a"]
[Site "Birmingham ENG"]
[Date "2015.02.14"]
[Round "5.227"]
[White "Haridas, Girinath"]
[Black "Pickard, Charles"]
[Result "1/2-1/2"]
[WhiteElo "1949"]
[BlackElo "2125"]
[PlyCount "51"]
[EventDate "2015.02.14"]

1. d4 Nf6 2. c4 g6 3. Nc3 Bg7 4. e4 d6 5. Nge2 Na6 6. Ng3 c6 7. Be2 O-O 8. Be3
e5 9. d5 c5 10. Qd2 Ne8 11. Bh6 Bxh6 12. Qxh6 Qf6 13. Qd2 Nac7 14. O-O Qg7 15.
f4 Qh6 16. Rad1 exf4 17. Qxf4 Qxf4 18. Rxf4 Na6 19. Nh1 Nb8 20. Nf2 Nd7 21. Nd3
a6 22. a3 Ne5 23. b3 Bd7 24. Rf2 Kg7 25. h3 Rb8 26. a4 1/2-1/2

[Event "4NCL Division 2a"]
[Site "Birmingham ENG"]
[Date "2015.02.14"]
[Round "5.228"]
[White "Robertson, Stuart"]
[Black "Maguire, Robert"]
[Result "1-0"]
[WhiteElo "2084"]
[BlackElo "1955"]
[PlyCount "49"]
[EventDate "2015.02.14"]

1. d4 Nf6 2. c4 g6 3. Nc3 Bg7 4. e4 d6 5. Be2 O-O 6. Bg5 c5 7. d5 h6 8. Bf4 Nh7
9. Qd2 g5 10. Be3 e5 11. h4 f5 12. exf5 Bxf5 13. hxg5 Nxg5 14. Nf3 Nf7 15. Nh4
Bh7 16. Bd3 Bxd3 17. Qxd3 Ng5 18. Ne4 Nxe4 19. Qxe4 Qf6 20. O-O-O Kf7 21. Nf5
Rh8 22. Rh3 Nd7 23. Rf3 Ke8 24. Nh4 Qd8 25. Qg6+ 1-0

[Event "4NCL Division 2a"]
[Site "Birmingham ENG"]
[Date "2015.02.14"]
[Round "5.231"]
[White "Talsma, Paul"]
[Black "Padilla Cabero, Pablo"]
[Result "1-0"]
[WhiteElo "2196"]
[BlackElo "2152"]
[PlyCount "31"]
[EventDate "2015.02.14"]

1. d4 e5 2. dxe5 Nc6 3. Nf3 Nge7 4. b3 Ng6 5. Bb2 Bb4+ 6. Nbd2 Qe7 7. a3 Bxd2+
8. Qxd2 Ngxe5 9. Nxe5 Nxe5 10. Qc3 d6 11. O-O-O f6 12. e4 Bg4 13. f3 Bh5 14.
Re1 O-O-O 15. f4 Nc6 16. Qh3+ 1-0

[Event "4NCL Division 2a"]
[Site "Birmingham ENG"]
[Date "2015.02.14"]
[Round "5.232"]
[White "Martin, Lewis"]
[Black "Lindner, Daniel"]
[Result "1/2-1/2"]
[WhiteElo "2084"]
[BlackElo "2217"]
[PlyCount "78"]
[EventDate "2015.02.14"]

1. d4 Nf6 2. c4 e6 3. Nf3 b6 4. g3 Ba6 5. b3 Bb7 6. Bg2 Bb4+ 7. Bd2 c5 8. Bxb4
cxb4 9. O-O O-O 10. Nbd2 d6 11. Qc2 Qc7 12. e4 e5 13. d5 Nbd7 14. Nh4 g6 15.
Rae1 a5 16. Kh1 Nc5 17. f4 Nfd7 18. Re3 f6 19. Qd1 Rf7 20. Qg4 Rg7 21. Nhf3 Rf8
22. fxe5 dxe5 23. Nh4 Bc8 24. Qe2 Nb7 25. Ref3 Rgf7 26. Bh3 Ndc5 27. Bxc8 Qxc8
28. Kg2 Nd6 29. h3 Qd8 30. Kh2 Qe7 31. Ng2 Kh8 32. g4 Ra8 33. Ne1 Kg7 34. Nd3
Ra6 35. Nxc5 bxc5 36. Qf2 Ne8 37. Re1 a4 38. Nf1 Qd6 39. Ng3 Rfa7 1/2-1/2

[Event "4NCL Division 2a"]
[Site "Birmingham ENG"]
[Date "2015.02.14"]
[Round "5.99"]
[White "Moore, Graham"]
[Black "Girdlestone, Paul"]
[Result "0-1"]
[WhiteElo "2076"]
[BlackElo "2124"]
[PlyCount "96"]
[EventDate "2015.02.14"]

1. e4 e5 2. f4 exf4 3. Bc4 d5 4. Bxd5 Qh4+ 5. Kf1 Nf6 6. Nf3 Qh6 7. Nc3 Bb4 8.
Bb3 O-O 9. Ne2 Ng4 10. c3 Be7 11. Kg1 Nc6 12. h3 Nf6 13. d3 Nh5 14. g4 Qg6 15.
Kf2 Ng3 16. Nxf4 Nxh1+ 17. Qxh1 Qd6 18. d4 Na5 19. Bc2 Be6 20. Qd1 Rad8 21. b3
g6 22. Qd2 b6 23. Qe3 Rfe8 24. Bb2 Bc8 25. Rg1 Bf8 26. g5 Bb7 27. h4 Nc6 28. h5
Ne7 29. Ne5 Bg7 30. Nc4 Qd7 31. Qg3 c5 32. Rd1 Qc7 33. d5 Nc8 34. hxg6 hxg6 35.
Rh1 Nd6 36. Nd2 c4 37. Qh4 Qc5+ 38. Kg2 Qe3 39. Qh7+ Kf8 40. Nxg6+ fxg6 41.
Rf1+ Nf5 42. Ba3+ Kf7 43. Nf3 Rxe4 44. Bxe4 Qxe4 45. Qh2 Qe2+ 46. Rf2 Ne3+ 47.
Kg3 Nf1+ 48. Kh3 Bc8+ 0-1

[Event "4NCL Division 2a"]
[Site "Birmingham ENG"]
[Date "2015.02.14"]
[Round "5.235"]
[White "Gregory, Steve"]
[Black "Whatley, Stephen"]
[Result "1-0"]
[WhiteElo "2051"]
[BlackElo "1983"]
[PlyCount "98"]
[EventDate "2015.02.14"]

1. e4 c5 2. Nf3 e6 3. d3 Nc6 4. g3 Nf6 5. Bg2 d5 6. Nbd2 Be7 7. O-O O-O 8. Re1
Qc7 9. Qe2 b5 10. Nf1 d4 11. e5 Nd5 12. h4 Ba6 13. N1h2 c4 14. a3 Qb6 15. Ng5
h6 16. Nh3 Rfd8 17. Qg4 Kf8 18. Nf4 Nxf4 19. gxf4 Bb7 20. f5 exf5 21. Qxf5 Bxh4
22. Nf3 Ne7 23. Qg4 Bg5 24. Bxg5 hxg5 25. Nxg5 Bxg2 26. Kxg2 Qc6+ 27. Re4 Qg6
28. Rf4 Kg8 29. Rxf7 Nd5 30. Rh1 Rf8 31. Qh4 Qh6 32. Qxh6 gxh6 33. Rxf8+ Rxf8
34. Ne6 Re8 35. Nxd4 cxd3 36. cxd3 Rxe5 37. Rxh6 Nf4+ 38. Kg3 Nxd3 39. f4 Re3+
40. Kg4 Re4 41. Ne6 Nxb2 42. Kf5 Re3 43. Rg6+ Kh8 44. Kf6 Nc4 45. Ng5 Nd6 46.
Nf7+ Nxf7 47. Kxf7 Rh3 48. f5 Rh7+ 49. Kf8 a6 1-0

[Event "4NCL Division 2a"]
[Site "Birmingham ENG"]
[Date "2015.02.14"]
[Round "5.236"]
[White "Duncan, Patrick"]
[Black "Lemoir, David"]
[Result "0-1"]
[WhiteElo "2016"]
[BlackElo "2111"]
[PlyCount "64"]
[EventDate "2015.02.14"]

1. b3 e5 2. Bb2 d6 3. e3 Nf6 4. d3 g6 5. Be2 Bg7 6. c4 O-O 7. Nf3 Qe7 8. Nbd2
Nbd7 9. Qc2 Ne8 10. O-O f5 11. Rfe1 g5 12. g3 Bf6 13. h3 Qg7 14. Bf1 e4 15.
Bxf6 Nexf6 16. dxe4 Nxe4 17. Nd4 Nxd2 18. Qxd2 Ne5 19. Bg2 f4 20. exf4 gxf4 21.
Bd5+ Kh8 22. g4 Bxg4 23. hxg4 Qxg4+ 24. Kf1 f3 25. Bxf3 Nxf3 26. Nxf3 Qh3+ 27.
Ke2 Qxf3+ 28. Kf1 Qh1+ 29. Ke2 Rxf2+ 30. Kxf2 Rf8+ 31. Ke3 Qf3+ 32. Kd4 c5# 0-1

[Event "4NCL Division 2a"]
[Site "Birmingham ENG"]
[Date "2015.02.14"]
[Round "5.237"]
[White "Peck, Silas"]
[Black "Bourne, Johnathan"]
[Result "1/2-1/2"]
[WhiteElo "1907"]
[BlackElo "1970"]
[PlyCount "70"]
[EventDate "2015.02.14"]

1. e4 e6 2. d4 d5 3. Nc3 Bb4 4. e5 Ne7 5. Qg4 c5 6. Nf3 Nbc6 7. a3 Bxc3+ 8.
bxc3 Qc7 9. Bd3 Ng6 10. O-O O-O 11. Ng5 Nce7 12. Qh5 h6 13. Nf3 c4 14. Be2 f6
15. exf6 Rxf6 16. Nh4 Nxh4 17. Qxh4 Ng6 18. Qg3 Qxg3 19. hxg3 e5 20. dxe5 Nxe5
21. Bf4 Ng6 22. Rad1 Nxf4 23. gxf4 Be6 24. Rd4 Rc8 25. Rb1 b6 26. Rb5 Rc5 27.
a4 Bf7 28. Bf3 Rd6 29. Rd1 Kf8 30. Kf1 Be8 31. Rxc5 bxc5 32. Rxd5 Rxd5 33. Bxd5
Bxa4 34. Bxc4 Bxc2 35. Ba6 Ke7 1/2-1/2

[Event "4NCL Division 2a"]
[Site "Birmingham ENG"]
[Date "2015.02.14"]
[Round "5.241"]
[White "Graham, David B"]
[Black "Jones, Richard S"]
[Result "0-1"]
[WhiteElo "2136"]
[BlackElo "2405"]
[PlyCount "88"]
[EventDate "2015.02.14"]

1. e4 e5 2. Nf3 Nc6 3. Bc4 Nf6 4. d4 exd4 5. O-O Nxe4 6. Re1 d5 7. Bxd5 Qxd5 8.
Nc3 Qa5 9. Nxe4 Be6 10. Bd2 Qb5 11. Bg5 h6 12. Bh4 Bc5 13. c4 dxc3 14. bxc3 O-O
15. Rb1 Qa5 16. a4 a6 17. Nxc5 Qxc5 18. Rxb7 Na5 19. Rb1 Qxc3 20. Rc1 Qb4 21.
Rxc7 Rfc8 22. Rxc8+ Rxc8 23. h3 Nb3 24. Qd3 Qxa4 25. Bg3 Qc4 26. Qd6 Qc6 27.
Qa3 a5 28. Be5 Bd5 29. Kh2 a4 30. Re3 Re8 31. Nd4 Nxd4 32. Bxd4 Rxe3 33. Qxe3
f6 34. Qg3 Bxg2 35. Be3 Bh1 36. Bxh6 g5 37. Bxg5 fxg5 38. Qxg5+ Kf7 39. Qf5+
Ke7 40. Qe5+ Kd7 41. Qf5+ Kc7 42. Qh7+ Kb6 43. Qb1+ Ka7 44. Qh7+ Qb7 0-1

[Event "4NCL Division 2a"]
[Site "Birmingham ENG"]
[Date "2015.02.14"]
[Round "5.242"]
[White "Strugnell, Carl P"]
[Black "Cumming, Rhys"]
[Result "0-1"]
[WhiteElo "2245"]
[BlackElo "2115"]
[PlyCount "94"]
[EventDate "2015.02.14"]

1. e4 c5 2. Nc3 Nc6 3. Bb5 g6 4. Bxc6 bxc6 5. d3 d6 6. f4 Bg7 7. Nf3 Nh6 8. Qe2
Rb8 9. O-O O-O 10. Nd1 f5 11. e5 Qc7 12. b3 Nf7 13. Bb2 Nd8 14. Nd2 Ne6 15. Nc4
Bd7 16. Nc3 Nd4 17. Qf2 Be6 18. Na4 Bxc4 19. dxc4 Rbd8 20. Rfe1 Rfe8 21. b4 Ne6
22. a3 cxb4 23. axb4 Rb8 24. exd6 exd6 25. Bxg7 Qxg7 26. c3 c5 27. b5 Nf8 28.
Qd2 Qf7 29. Qxd6 Qxc4 30. Rxe8 Rxe8 31. Qxc5 Qe2 32. Qxa7 Ne6 33. Qf2 Qxb5 34.
Nb6 Nxf4 35. c4 Qe5 36. Rf1 Nd3 37. Qf3 Qd4+ 38. Kh1 Re4 39. Nd5 Kg7 40. Qg3
Nf2+ 41. Kg1 Nd3+ 42. Kh1 f4 43. Qf3 Qxc4 44. Nc3 Qxc3 45. g3 Re1 46. gxf4
Rxf1+ 47. Qxf1 Qe1 0-1

[Event "4NCL Division 2a"]
[Site "Birmingham ENG"]
[Date "2015.02.14"]
[Round "5.243"]
[White "Lenier, Jude"]
[Black "Kett, Timothy J"]
[Result "1-0"]
[WhiteElo "2048"]
[BlackElo "2245"]
[PlyCount "87"]
[EventDate "2015.02.14"]

1. e4 e5 2. Nf3 Nc6 3. Bb5 a6 4. Ba4 Nf6 5. O-O Be7 6. Re1 b5 7. Bb3 d6 8. c3
O-O 9. h3 Bb7 10. d4 Re8 11. Ng5 Rf8 12. Nf3 Qd7 13. Nbd2 Rad8 14. a4 h6 15. d5
Na5 16. Bc2 Nc4 17. Nf1 c6 18. b3 Nb6 19. a5 Nc8 20. c4 bxc4 21. bxc4 cxd5 22.
exd5 Nh7 23. g4 Ng5 24. Nxg5 Bxg5 25. Qd3 g6 26. Bxg5 hxg5 27. Qe3 Qe7 28. Ng3
Kg7 29. Rab1 Rd7 30. Ne4 f6 31. Ng3 Rh8 32. Kg2 Rc7 33. Bd3 Rc5 34. Rb4 Qc7 35.
Reb1 Ba8 36. Ne4 Rxa5 37. Rb8 Rb5 38. Rxc8 Rxc8 39. cxb5 axb5 40. Rxb5 Rb8 41.
Nxd6 Qxd6 42. Qa7+ Kh6 43. Qxb8 Bxd5+ 44. Kg3 1-0

[Event "4NCL Division 2a"]
[Site "Birmingham ENG"]
[Date "2015.02.14"]
[Round "5.244"]
[White "Trevelyan, John"]
[Black "Bucher, Grant W"]
[Result "0-1"]
[WhiteElo "2123"]
[BlackElo "2086"]
[PlyCount "44"]
[EventDate "2015.02.14"]

1. e4 e5 2. Nf3 Nc6 3. Bb5 a6 4. Bxc6 dxc6 5. d4 exd4 6. Qxd4 Bg4 7. Qxd8+ Rxd8
8. Nbd2 Bb4 9. c3 Bc5 10. Ne5 Be6 11. Ke2 Ne7 12. Nd3 Bb6 13. b3 O-O 14. Bb2
Ng6 15. g3 f5 16. e5 f4 17. f3 Bf5 18. Nxf4 Nxf4+ 19. gxf4 Bd3+ 20. Ke1 Rxf4
21. Nc4 Bxc4 22. bxc4 Rxf3 0-1

[Event "4NCL Division 2a"]
[Site "Birmingham ENG"]
[Date "2015.02.14"]
[Round "5.245"]
[White "Hoare, Amy B"]
[Black "Brown, Tom"]
[Result "1-0"]
[WhiteElo "2059"]
[BlackElo "2072"]
[PlyCount "81"]
[EventDate "2015.02.14"]

1. e4 c6 2. Nf3 d5 3. Nc3 Bg4 4. h3 Bxf3 5. Qxf3 Nf6 6. d4 dxe4 7. Qe3 Qa5 8.
Bd2 Qf5 9. g4 Qf3 10. Rg1 Nbd7 11. Qg5 e3 12. Bxe3 Ne4 13. Nxe4 Qxe4 14. O-O-O
Qd5 15. c4 Qxg5 16. Bxg5 e6 17. d5 cxd5 18. cxd5 e5 19. d6 f6 20. Be3 a6 21.
Bg2 O-O-O 22. Kb1 Nb8 23. Rc1+ Kd7 24. Bxb7 Bxd6 25. Bb6 Rdf8 26. Rgd1 Ke7 27.
Bc7 Bxc7 28. Rxc7+ Ke6 29. Bd5+ Kd6 30. Rxg7 Nc6 31. Bxc6+ Kxc6 32. Rgd7 h5 33.
b4 Kb5 34. a3 hxg4 35. hxg4 Rh3 36. Kb2 Rf3 37. R1d5+ Kb6 38. R5d6+ Kb5 39.
Rb7+ Kc4 40. Rc7+ Kb5 41. Rc5+ 1-0

[Event "4NCL Division 2a"]
[Site "Birmingham ENG"]
[Date "2015.02.14"]
[Round "5.246"]
[White "Hewitt, William AR"]
[Black "Jones, Chris"]
[Result "1-0"]
[WhiteElo "2049"]
[BlackElo "2035"]
[PlyCount "82"]
[EventDate "2015.02.14"]

1. e4 e6 2. d4 d5 3. Nc3 Bb4 4. e5 c5 5. a3 cxd4 6. axb4 dxc3 7. Nf3 Ne7 8. Bd3
Nbc6 9. O-O Nxb4 10. bxc3 Nxd3 11. cxd3 O-O 12. Re1 Nf5 13. Ba3 Re8 14. Qa4 Bd7
15. Qf4 a5 16. Rab1 b6 17. h4 Rc8 18. Rec1 b5 19. h5 Rc7 20. g4 Nh4 21. Nd4 b4
22. cxb4 Rxc1+ 23. Qxc1 Qb6 24. Qc5 Qb7 25. b5 f6 26. Qd6 fxe5 27. Qxe5 Qb6 28.
Kf1 a4 29. Rc1 Bxb5 30. Ke2 Bd7 31. Rc7 Rd8 32. Be7 Rc8 33. Rxc8+ Bxc8 34. Bxh4
Qb2+ 35. Kf3 Qc2 36. Qd6 h6 37. Nc6 Qxd3+ 38. Kg2 Qe4+ 39. f3 Qc2+ 40. Bf2 Qc3
41. Qd8+ Kh7 1-0

[Event "4NCL Division 2a"]
[Site "Birmingham ENG"]
[Date "2015.02.14"]
[Round "5.247"]
[White "Willson, Ollie"]
[Black "Martin Perez, Javier"]
[Result "0-1"]
[WhiteElo "1918"]
[BlackElo "2031"]
[PlyCount "78"]
[EventDate "2015.02.14"]

1. c4 c6 2. Nc3 d5 3. d4 Nf6 4. Nf3 e6 5. g3 Be7 6. Bg2 O-O 7. O-O Nbd7 8. b3
b6 9. Bb2 Ba6 10. Nd2 Rc8 11. Re1 b5 12. c5 b4 13. Na4 Qc7 14. a3 bxa3 15. Rxa3
Ra8 16. Nc3 Bb7 17. Qa1 Rfb8 18. Qa2 Bc8 19. Ra1 Rb7 20. e3 e5 21. Bf1 exd4 22.
exd4 Nxc5 23. dxc5 Bxc5 24. Ra4 Qb6 25. Nd1 Ng4 26. Rf4 Re7 27. Qa5 Qxa5 28.
Rxa5 g5 29. Rf3 Bb4 30. Ba3 Bxa5 31. Bxe7 Bxd2 32. Rd3 Ne5 33. Bxg5 Bxg5 34.
Rc3 Bd2 35. Rc2 Bf5 36. Ra2 Nf3+ 37. Kh1 a5 38. Bg2 Be4 39. Nb2 Rb8 0-1

[Event "4NCL Division 2a"]
[Site "Birmingham ENG"]
[Date "2015.02.14"]
[Round "5.99"]
[White "Reid, Vaness"]
[Black "Higgs, Anthony RJ"]
[Result "1/2-1/2"]
[WhiteElo "1828"]
[BlackElo "1972"]
[PlyCount "124"]
[EventDate "2015.02.14"]

1. d4 Nf6 2. c4 c5 3. d5 e5 4. Nc3 d6 5. Qa4+ Nbd7 6. e4 Be7 7. Bd3 O-O 8. Nge2
Kh8 9. O-O Nh5 10. Qc2 Bg5 11. Nb5 Bxc1 12. Qxc1 Qe7 13. Qe3 a6 14. Nbc3 Ndf6
15. Qd2 Bd7 16. Rae1 Rae8 17. a4 Ng8 18. a5 g6 19. Kh1 f5 20. f4 Qg7 21. fxe5
Rxe5 22. Ng1 f4 23. Nf3 Ree8 24. Ne2 g5 25. Qc3 Nhf6 26. e5 dxe5 27. Nxe5 Bg4
28. Nxg4 Nxg4 29. Qxg7+ Kxg7 30. Kg1 Re3 31. Nc1 Rfe8 32. Rxe3 Nxe3 33. Re1 Nf6
34. Nb3 Rc8 35. Nd2 h6 36. h3 Kf7 37. Nf1 Re8 38. Nxe3 fxe3 39. Bf5 Nh5 40.
Be6+ Kf6 41. Rxe3 Nf4 42. Rb3 Nxe6 43. dxe6 Re7 44. Rb6 Ke5 45. b3 h5 46. Kf2
h4 47. Ke3 Kf5 48. Kf3 Rg7 49. Rd6 Re7 50. Rd5+ Kf6 51. Rxc5 Rxe6 52. Rc7 b6
53. b4 bxa5 54. bxa5 Re5 55. Rc6+ Kf5 56. c5 Rd5 57. Ke3 Ke5 58. Rc8 Kf5 59.
Rf8+ Ke6 60. c6 Kd6 61. Rf6+ Kc7 62. Rf1 Rxa5 1/2-1/2

[Event "4NCL Division 2b"]
[Site "Hinckley Island ENG"]
[Date "2015.01.11"]
[Round "4.99"]
[White "McMichael, Richard J"]
[Black "Farrand, Tom"]
[Result "0-1"]
[WhiteElo "2195"]
[BlackElo "2172"]
[PlyCount "50"]
[EventDate "2015.01.11"]

1. c4 f5 2. g3 Nf6 3. Bg2 d6 4. Nc3 e6 5. d3 Be7 6. e4 fxe4 7. dxe4 e5 8. Nge2
O-O 9. O-O c6 10. b3 a5 11. h3 Na6 12. Be3 Nd7 13. Qd2 Qc7 14. a3 Nac5 15. Rab1
Ne6 16. f4 exf4 17. gxf4 Nb6 18. Kh1 Kh8 19. Rg1 Bf6 20. Bf1 a4 21. Bxb6 Qxb6
22. Nxa4 Rxa4 23. f5 Nc5 24. Bg2 Rxa3 25. Qxd6 Rd8 0-1

[Event "4NCL Division 2b"]
[Site "Hinckley Island ENG"]
[Date "2015.01.11"]
[Round "4.99"]
[White "Purdon, Colin"]
[Black "Guthrie, David W"]
[Result "0-1"]
[WhiteElo "2074"]
[BlackElo "2185"]
[PlyCount "40"]
[EventDate "2015.01.11"]

1. d4 Nf6 2. c4 e6 3. Nc3 Bb4 4. f3 c5 5. d5 O-O 6. e4 d6 7. Nge2 b5 8. cxb5
exd5 9. exd5 Re8 10. Kf2 Nbd7 11. g3 Bb7 12. h4 Nb6 13. Nf4 Bxc3 14. bxc3 Nbxd5
15. Nxd5 Nxd5 16. c4 Qf6 17. Bd2 Qd4+ 18. Kg2 Ne3+ 19. Bxe3 Rxe3 20. Be2 Qb2
0-1

[Event "4NCL Division 2b"]
[Site "Hinckley Island ENG"]
[Date "2015.01.11"]
[Round "4.99"]
[White "Okike, David C"]
[Black "Tavares, Shawn P"]
[Result "0-1"]
[WhiteElo "2188"]
[BlackElo "2129"]
[PlyCount "122"]
[EventDate "2015.01.11"]

1. e4 c5 2. Nf3 d6 3. d4 cxd4 4. Nxd4 Nf6 5. Nc3 a6 6. Bg5 e6 7. f4 Be7 8. Qd2
Qc7 9. O-O-O Nbd7 10. Be2 h6 11. Bxf6 Nxf6 12. Bf3 Bd7 13. Kb1 O-O-O 14. Rhe1
Kb8 15. Re3 g5 16. g3 gxf4 17. gxf4 Rhg8 18. Nce2 e5 19. Rc3 Qb6 20. Rb3 Qc5
21. Rc3 Qb6 22. Rb3 Qc5 23. Nf5 Bxf5 24. exf5 e4 25. Bh1 Qf2 26. h3 d5 27. a4
Rc8 28. Qe3 Qxe3 29. Rxe3 Rc4 30. b3 Rc7 31. Kb2 Rgc8 32. c3 Rg8 33. Rg3 Rcc8
34. Rdg1 Rxg3 35. Rxg3 Nh5 36. Rg4 Bf6 37. Rg1 Ng7 38. Rd1 Rd8 39. Kb1 Nxf5 40.
c4 Ne3 41. Rd2 Nf1 42. Rd1 Ne3 43. Rd2 Be7 44. cxd5 f5 45. Kb2 Bf6+ 46. Kb1
Nxd5 47. Rd1 Kc7 48. Kc1 Kb6 49. Kb1 Kc5 50. Rg1 Kb4 51. Nc1 Nxf4 52. Rf1 Be5
53. Kc2 b6 54. h4 h5 55. Re1 Rc8+ 56. Kb1 Nd5 57. Na2+ Kxb3 58. Bxe4 fxe4 59.
Rxe4 Nc3+ 60. Nxc3 Bxc3 61. Re6 Rf8 0-1

[Event "4NCL Division 2b"]
[Site "Hinckley Island ENG"]
[Date "2015.01.11"]
[Round "4.99"]
[White "Scrimgour, Alan"]
[Black "Wittmann, Jochen"]
[Result "0-1"]
[WhiteElo "2031"]
[BlackElo "2103"]
[PlyCount "74"]
[EventDate "2015.01.11"]

1. e4 e5 2. Nf3 Nc6 3. Bb5 f5 4. d3 fxe4 5. dxe4 Nf6 6. O-O Bc5 7. Qd3 Qe7 8.
c3 O-O 9. b4 Bb6 10. Bc4+ Kh8 11. Bg5 d6 12. Nbd2 Qe8 13. Nh4 Qh5 14. Qg3 Bd7
15. Be3 Ne7 16. Qg5 Qe8 17. Bxb6 axb6 18. Be2 h6 19. Qe3 g5 20. Nhf3 Ng6 21.
Ne1 Nf4 22. f3 Qg6 23. g3 Ra3 24. Nb1 Raa8 25. a3 g4 26. Ra2 gxf3 27. Nxf3
Nxe2+ 28. Rxe2 Bb5 29. Nh4 Qh7 30. Rf5 Bxe2 31. Qxe2 Ng8 32. g4 Ne7 33. Rh5 Rf4
34. Nf5 Rg8 35. h3 Nxf5 36. exf5 Rxf5 37. Rxf5 Qxf5 0-1

[Event "4NCL Division 2b"]
[Site "Hinckley Island ENG"]
[Date "2015.01.11"]
[Round "4"]
[White "Davey, Mark"]
[Black "Fegan, Chris"]
[Result "1-0"]
[WhiteElo "1991"]
[BlackElo "2084"]
[PlyCount "77"]
[EventDate "2015.01.11"]

1. b3 f5 2. Bb2 Nf6 3. e3 d6 4. Bxf6 exf6 5. f4 d5 6. Nf3 c5 7. d4 Nc6 8. Bd3
Bd6 9. c3 cxd4 10. Nxd4 Nxd4 11. cxd4 Qa5+ 12. Nd2 Qc3 13. Ke2 O-O 14. Qc2 Qxc2
15. Bxc2 Bd7 16. a3 Rfe8 17. g3 Rac8 18. Rhc1 Rc3 19. Bd3 Rxc1 20. Rxc1 Bxa3
21. Ra1 Bb2 22. Rxa7 Bxd4 23. Rxb7 Rxe3+ 24. Kd1 Rxd3 25. Rxd7 Be3 26. Ke2
Rxd2+ 27. Kxe3 Rb2 28. Kd4 Rxb3 29. Kxd5 Rd3+ 30. Ke6 Rxd7 31. Kxd7 Kf7 32. h3
h6 33. Kd6 g5 34. Kd7 h5 35. h4 gxh4 36. gxh4 Kg6 37. Ke6 Kg7 38. Ke7 Kg6 39.
Kf8 1-0

[Event "4NCL Division 2b"]
[Site "Hinckley Island ENG"]
[Date "2015.01.11"]
[Round "4.1"]
[White "Richardson, Keith B"]
[Black "Gilfillan, Andrew"]
[Result "1/2-1/2"]
[WhiteElo "2055"]
[BlackElo "1966"]
[PlyCount "44"]
[EventDate "2015.01.11"]

1. c4 e6 2. Nc3 b6 3. Nf3 Bb7 4. e4 Bb4 5. Bd3 Nf6 6. e5 Ng4 7. Be4 Bxe4 8.
Nxe4 f5 9. Nc3 Nh6 10. d4 Nf7 11. O-O O-O 12. Qb3 Be7 13. a3 Nc6 14. Qd1 Na5
15. d5 Nxc4 16. dxe6 dxe6 17. Qb3 Ncxe5 18. Nxe5 Nxe5 19. Qxe6+ Nf7 20. Bf4 Kh8
21. Rad1 Bd6 22. Nb5 Qe8 1/2-1/2

[Event "4NCL Division 2b"]
[Site "Hinckley Island ENG"]
[Date "2015.01.11"]
[Round "4.2"]
[White "Onslow, Alfie"]
[Black "Head, Louise"]
[Result "0-1"]
[WhiteElo "1603"]
[BlackElo "1940"]
[PlyCount "78"]
[EventDate "2015.01.11"]

1. d4 d5 2. Nf3 c5 3. c4 dxc4 4. Nc3 cxd4 5. Nxd4 a6 6. Bf4 Qa5 7. Qa4+ Qxa4 8.
Nxa4 Nd7 9. Bg3 Ngf6 10. Nc3 b5 11. Nc2 e6 12. a3 Bb7 13. f3 Nd5 14. e4 Nxc3
15. bxc3 Nc5 16. Be2 Na4 17. Kd2 Rd8+ 18. Nd4 Bc5 19. Kc2 Nxc3 20. Be5 Bxd4 21.
Bxd4 Nxe2 22. Bxg7 Rg8 23. Bf6 Rd3 24. g3 Nd4+ 25. Bxd4 Rxd4 26. a4 b4 27. a5
Ke7 28. Ra4 b3+ 29. Kc1 Bc6 30. Rb4 Bb5 31. Kb2 Kd6 32. Rxb5 axb5 33. a6 Kc5
34. Ra1 Rd2+ 35. Kb1 Rd1+ 36. Kb2 Rxa1 37. Kxa1 c3 38. a7 Rd8 39. a8=Q Rd1# 0-1

[Event "4NCL Division 2b"]
[Site "Hinckley Island ENG"]
[Date "2015.01.11"]
[Round "4.5"]
[White "McGowan, Daniel"]
[Black "Gantner, Matthias"]
[Result "1/2-1/2"]
[WhiteElo "2112"]
[BlackElo "2229"]
[PlyCount "32"]
[EventDate "2015.01.11"]

1. e4 e6 2. d4 d5 3. Nd2 Be7 4. c3 dxe4 5. Nxe4 Nf6 6. Nxf6+ Bxf6 7. Nf3 O-O 8.
Bd3 c5 9. dxc5 Nd7 10. Be3 Qe7 11. O-O Nxc5 12. Bc2 a5 13. Qe2 b6 14. Bxc5 Qxc5
15. Qe4 Qf5 16. Qxa8 Qxc2 1/2-1/2

[Event "4NCL Division 2b"]
[Site "Hinckley Island ENG"]
[Date "2015.01.11"]
[Round "4.6"]
[White "Weller, Jean-Luc"]
[Black "Varnam, Liam D"]
[Result "1-0"]
[WhiteElo "2249"]
[BlackElo "2130"]
[PlyCount "87"]
[EventDate "2015.01.11"]

1. d4 d5 2. c4 dxc4 3. Nf3 Nf6 4. e3 e6 5. Bxc4 c5 6. O-O a6 7. dxc5 Qxd1 8.
Rxd1 Bxc5 9. Be2 b6 10. Ne5 Bb7 11. Nc4 Nbd7 12. Nbd2 O-O 13. Nb3 Be7 14. f3 a5
15. e4 a4 16. Nd4 Bc5 17. Be3 Ba6 18. Kf2 Rac8 19. Rac1 Bb7 20. g4 Rfd8 21. Nb5
Ba6 22. Nbd6 Rb8 23. g5 Nh5 24. Rc2 Kf8 25. a3 Ke7 26. Rcd2 Nf4 27. Bf1 Bxc4
28. Nxc4 Ng6 29. Bxc5+ bxc5 30. Na5 Rb6 31. Bb5 Nge5 32. Bxa4 Ra8 33. Rxd7+
Nxd7 34. Rxd7+ Kf8 35. Nc4 Rbb8 36. Bc2 Rd8 37. Rxd8+ Rxd8 38. Ke3 Rd4 39. Bd3
Rd8 40. a4 Ra8 41. Nb6 Ra7 42. Bb5 f6 43. gxf6 gxf6 44. Nd7+ 1-0

[Event "4NCL Division 2b"]
[Site "Hinckley Island ENG"]
[Date "2015.01.11"]
[Round "4.7"]
[White "Birtwistle, Nigel"]
[Black "Adams, David"]
[Result "1/2-1/2"]
[WhiteElo "2125"]
[BlackElo "2212"]
[PlyCount "38"]
[EventDate "2015.01.11"]

1. Nf3 d6 2. g3 e5 3. Bg2 f5 4. O-O Nf6 5. c4 Be7 6. Nc3 O-O 7. d3 c6 8. Rb1 h6
9. c5 Nbd7 10. cxd6 Bxd6 11. b4 Kh7 12. b5 cxb5 13. Nxb5 Bc5 14. d4 exd4 15.
Nbxd4 Ne5 16. Nb3 Nxf3+ 17. Bxf3 Bb6 18. Ba3 Qxd1 19. Rbxd1 Re8 1/2-1/2

[Event "4NCL Division 2b"]
[Site "Hinckley Island ENG"]
[Date "2015.01.11"]
[Round "4.8"]
[White "Shaw, Peter"]
[Black "Murphy, Hugh W"]
[Result "1/2-1/2"]
[WhiteElo "2160"]
[BlackElo "2167"]
[PlyCount "38"]
[EventDate "2015.01.11"]

1. d4 d5 2. Bf4 Nf6 3. e3 c5 4. c3 Nc6 5. Nd2 Bf5 6. Qb3 Qb6 7. dxc5 Qxb3 8.
axb3 e5 9. Bg3 Bxc5 10. b4 Bd6 11. b5 Ne7 12. Ngf3 Nd7 13. Nd4 O-O 14. Nxf5
Nxf5 15. e4 Nxg3 16. hxg3 dxe4 17. Nxe4 Be7 18. Bc4 Nc5 19. Nxc5 Bxc5 1/2-1/2

[Event "4NCL Division 2b"]
[Site "Hinckley Island ENG"]
[Date "2015.01.11"]
[Round "4.9"]
[White "Kafka, Graeme"]
[Black "Burnett, Jim"]
[Result "0-1"]
[WhiteElo "2050"]
[BlackElo "2100"]
[PlyCount "42"]
[EventDate "2015.01.11"]

1. e4 e6 2. d4 d5 3. e5 c5 4. c3 Nc6 5. Nf3 Bd7 6. Be2 Nge7 7. Na3 cxd4 8. cxd4
Nf5 9. Nc2 Be7 10. O-O O-O 11. Bd3 Rc8 12. g4 Nh4 13. Nxh4 Bxh4 14. g5 Bxg5 15.
Qh5 h6 16. f4 Be7 17. Rf3 f5 18. exf6 Rxf6 19. Be3 Qe8 20. Qh4 e5 21. Rg3 Rd6
0-1